Optimalizácia pracovných podmienok diplomová práca

Salvato in:
Dettagli Bibliografici
Autore principale: Gabrielová, Oľga
Ente Autore: Fakulta podnikového manažmentu EU. Katedra manažmentu
Altri autori: Nachtmannová, Oľga, 1963-
Natura: Libro
Lingua:slovacco
Pubblicazione: Bratislava 2011
Tags: Aggiungi Tag
Nessun Tag, puoi essere il primo ad aggiungerne!!

MARC

LEADER 00000nbm a2200000 4500
001 0131505
005 20170315090420.6
041 0 |a slo 
044 |a SK 
245 1 0 |a Optimalizácia pracovných podmienok  |b diplomová práca  |c Oľga Gabrielová ; školiteľ: Oľga Nachtmannová 
264 1 |a Bratislava  |c 2011 
300 |a 91 s. 
100 1 |a Gabrielová, Oľga 
700 1 |a Nachtmannová, Oľga, 1963- 
710 2 |a Fakulta podnikového manažmentu EU. Katedra manažmentu